000 00510nam a2200193Ia 4500
003 GCL
008 140319s9999 xx 000 0 ara d
040 _aGCL /
_cGCL
082 0 4 _a252.3
_bا م
100 1 _aاحمد حسن الباقورى
245 1 0 _aمع الصائمين /
_cاحمد حسن الباقورى
300 _a158 ص
490 _a
650 0 4 _aالاسلام
650 0 4 _aالصوم
650 0 4 _aالشريعة الاسلامية
650 0 4 _aالعبادات
942 _2ddc
_cBK
999 _c45726
_d45726